<?xml version="1.0" encoding="UTF-8"?>
<record
    xmlns:xsi="http://www.w3.org/2001/XMLSchema-instance"
    xsi:schemaLocation="http://www.loc.gov/MARC21/slim http://www.loc.gov/standards/marcxml/schema/MARC21slim.xsd"
    xmlns="http://www.loc.gov/MARC21/slim">

  <leader>01548nam a22002297a 4500</leader>
  <datafield tag="999" ind1=" " ind2=" ">
    <subfield code="c">58964</subfield>
    <subfield code="d">58964</subfield>
  </datafield>
  <controlfield tag="003">Ge_BSU</controlfield>
  <controlfield tag="005">20221025110302.0</controlfield>
  <controlfield tag="008">221025s2018    ge ||||| |||| 00| 0 geo d</controlfield>
  <datafield tag="020" ind1=" " ind2=" ">
    <subfield code="a">9789941295126</subfield>
  </datafield>
  <datafield tag="041" ind1=" " ind2=" ">
    <subfield code="a">geo</subfield>
  </datafield>
  <datafield tag="080" ind1=" " ind2=" ">
    <subfield code="a">27-36 &#x10E5;-27</subfield>
  </datafield>
  <datafield tag="245" ind1=" " ind2=" ">
    <subfield code="a">&#x10E5;&#x10D0;&#x10E0;&#x10D7;&#x10D5;&#x10D4;&#x10DA;&#x10D8; &#x10DB;&#x10D4;&#x10E4;&#x10D4;&#x10D4;&#x10D1;&#x10D8; &#x10D3;&#x10D0; &#x10D3;&#x10D4;&#x10D3;&#x10DD;&#x10E4;&#x10DA;&#x10D4;&#x10D1;&#x10D8; :</subfield>
    <subfield code="b">&#x10E1;&#x10D0;&#x10D8;&#x10DC;&#x10E2;&#x10D4;&#x10E0;&#x10D4;&#x10E1;&#x10DD; &#x10D0;&#x10DB;&#x10D1;&#x10D4;&#x10D1;&#x10D8; &#x10DB;&#x10D4;&#x10E4;&#x10D4;-&#x10D3;&#x10D4;&#x10D3;&#x10DD;&#x10E4;&#x10D0;&#x10DA;&#x10D7;&#x10D0; &#x10EA;&#x10EE;&#x10DD;&#x10D5;&#x10E0;&#x10D4;&#x10D1;&#x10D8;&#x10D3;&#x10D0;&#x10DC; / </subfield>
    <subfield code="c"> &#x10E8;&#x10D4;&#x10DB;&#x10D3;&#x10D2;&#x10D4;&#x10DC;&#x10D4;&#x10DA;&#x10D8; &#x10D9;&#x10D0;&#x10EE;&#x10D0;&#x10D1;&#x10D4;&#x10E0; &#x10D9;&#x10D4;&#x10DC;&#x10D9;&#x10D8;&#x10E8;&#x10D5;&#x10D8;&#x10DA;&#x10D8; ; &#x10E1;&#x10D0;&#x10E0;&#x10D4;&#x10D3;&#x10D0;&#x10E5;&#x10EA;&#x10D8;&#x10DD; &#x10EF;&#x10D2;&#x10E3;&#x10E4;&#x10D8;: &#x10E1;&#x10D0;&#x10DA;&#x10DD;&#x10DB;&#x10D4; &#x10DC;&#x10D8;&#x10D9;&#x10DD;&#x10DA;&#x10D4;&#x10D8;&#x10E8;&#x10D5;&#x10D8;&#x10DA;&#x10D8;, &#x10DA;&#x10D8;&#x10D9;&#x10D0; &#x10D7;&#x10D0;&#x10D5;&#x10D0;&#x10E0;&#x10D7;&#x10E5;&#x10D8;&#x10DA;&#x10D0;&#x10EB;&#x10D4;, &#x10DC;&#x10D8;&#x10DC;&#x10DD; &#x10D1;&#x10E3;&#x10E0;&#x10EF;&#x10D0;&#x10DC;&#x10D0;&#x10EB;&#x10D4; [&#x10D3;&#x10D0; &#x10E1;&#x10EE;&#x10D5;.] ; &#x10DB;&#x10EE;&#x10D0;&#x10E2;&#x10D5;&#x10D0;&#x10E0;&#x10D8; &#x10DA;&#x10D4;&#x10D5;&#x10D0;&#x10DC; &#x10E1;&#x10D8;&#x10DA;&#x10D0;&#x10D2;&#x10D0;&#x10EB;&#x10D4;.</subfield>
  </datafield>
  <datafield tag="264" ind1=" " ind2=" ">
    <subfield code="a">&#x10D7;&#x10D1;&#x10D8;&#x10DA;&#x10D8;&#x10E1;&#x10D8; :</subfield>
    <subfield code="b">&#x10DE;&#x10D0;&#x10DA;&#x10D8;&#x10E2;&#x10E0;&#x10D0; L, </subfield>
    <subfield code="c">2018.</subfield>
  </datafield>
  <datafield tag="300" ind1=" " ind2=" ">
    <subfield code="a">128 &#x10D2;&#x10D5;. : </subfield>
    <subfield code="b">&#x10D8;&#x10DA;. ; </subfield>
    <subfield code="c">20 &#x10E1;&#x10DB;.</subfield>
  </datafield>
  <datafield tag="653" ind1=" " ind2=" ">
    <subfield code="a">&#x10E1;&#x10D0;&#x10E7;&#x10DB;&#x10D0;&#x10EC;&#x10D5;&#x10D8;&#x10DA;&#x10DD; &#x10DA;&#x10D8;&#x10E2;&#x10D4;&#x10E0;&#x10D0;&#x10E2;&#x10E3;&#x10E0;&#x10D0;</subfield>
  </datafield>
  <datafield tag="653" ind1=" " ind2=" ">
    <subfield code="a">&#x10E1;&#x10D0;&#x10E5;&#x10D0;&#x10E0;&#x10D7;&#x10D5;&#x10D4;&#x10DA;&#x10DD;&#x10E1; &#x10D8;&#x10E1;&#x10E2;&#x10DD;&#x10E0;&#x10D8;&#x10D0;.</subfield>
  </datafield>
  <datafield tag="653" ind1=" " ind2=" ">
    <subfield code="a">&#x10E1;&#x10D0;&#x10E5;&#x10D0;&#x10E0;&#x10D7;&#x10D5;&#x10D4;&#x10DA;&#x10DD;&#x10E1; &#x10DB;&#x10D4;&#x10E4;&#x10D4;&#x10D4;&#x10D1;&#x10D8;.</subfield>
  </datafield>
  <datafield tag="700" ind1=" " ind2=" ">
    <subfield code="a">&#x10DB;&#x10D0;&#x10DB;&#x10D0;&#x10EA;&#x10D0;&#x10E8;&#x10D5;&#x10D8;&#x10DA;&#x10D8;, &#x10D7;&#x10D0;&#x10DB;&#x10D0;&#x10E0;</subfield>
    <subfield code="e">&#x10DE;&#x10E0;&#x10DD;&#x10D4;&#x10E5;&#x10E2;&#x10D8;&#x10E1; &#x10D0;&#x10D5;&#x10E2;&#x10DD;&#x10E0;&#x10D8;, &#x10E0;&#x10D4;&#x10D3;&#x10D0;&#x10E5;&#x10E2;&#x10DD;&#x10E0;&#x10D8;</subfield>
    <subfield code="9">15519</subfield>
  </datafield>
  <datafield tag="700" ind1=" " ind2=" ">
    <subfield code="a">&#x10E1;&#x10D8;&#x10DA;&#x10D0;&#x10D2;&#x10D0;&#x10EB;&#x10D4;, &#x10DA;&#x10D4;&#x10D5;&#x10D0;&#x10DC;</subfield>
    <subfield code="e">&#x10DB;&#x10EE;&#x10D0;&#x10E2;&#x10D5;&#x10D0;&#x10E0;&#x10D8;</subfield>
    <subfield code="9">15520</subfield>
  </datafield>
  <datafield tag="700" ind1=" " ind2=" ">
    <subfield code="a">&#x10DC;&#x10D0;&#x10D3;&#x10D8;&#x10E0;&#x10D0;&#x10EB;&#x10D4;, &#x10DB;&#x10D8;&#x10D0;&#x10D9;&#x10DD;</subfield>
    <subfield code="e">&#x10D3;&#x10D8;&#x10D6;&#x10D0;&#x10D8;&#x10DC;&#x10D4;&#x10E0;&#x10D8;</subfield>
    <subfield code="9">15514</subfield>
  </datafield>
  <datafield tag="942" ind1=" " ind2=" ">
    <subfield code="2">udc</subfield>
    <subfield code="c">BK</subfield>
  </datafield>
  <datafield tag="952" ind1=" " ind2=" ">
    <subfield code="0">0</subfield>
    <subfield code="1">0</subfield>
    <subfield code="2">udc</subfield>
    <subfield code="4">0</subfield>
    <subfield code="6">2736_&#x10E5;27</subfield>
    <subfield code="7">0</subfield>
    <subfield code="9">92754</subfield>
    <subfield code="a">CPL</subfield>
    <subfield code="b">CPL</subfield>
    <subfield code="c">GEN</subfield>
    <subfield code="d">2022-10-25</subfield>
    <subfield code="g">4.00</subfield>
    <subfield code="o">27-36 &#x10E5;-27</subfield>
    <subfield code="p">28760</subfield>
    <subfield code="r">2022-10-25</subfield>
    <subfield code="t">28760</subfield>
    <subfield code="w">2022-10-25</subfield>
    <subfield code="y">BK</subfield>
    <subfield code="z">4 &#x10DA;.</subfield>
  </datafield>
</record>
